[Event "BL2 West 0708 (Women)"]
[Site "Germany"]
[Date "2007.11.10"]
[Round "1.5"]
[White "Schaefer, Edith"]
[Black "Loesch, Yvonne"]
[Result "0-1"]
[WhiteElo "1632"]
[BlackElo "2015"]
[PlyCount "68"]
[EventDate "2007.11.10"]
[EventType "team-tourn"]
[EventRounds "7"]
[EventCountry "GER"]
[SourceTitle "EXT 2009"]
[Source "ChessBase"]
[SourceDate "2008.11.26"]
[SourceVersion "1"]
[SourceVersionDate "2008.11.26"]
[SourceQuality "1"]
[WhiteTeam "Schott Mainz (W) II"]
[BlackTeam "Lehrte (W)"]
[WhiteTeamCountry "GER"]
[BlackTeamCountry "GER"]

1. e4 d6 2. d4 Nf6 3. Bd3 e5 4. c3 Nc6 5. Be3 Ng4 6. Nf3 Nxe3 7. fxe3 g6 8. 0-0 Bh6 9. Qe1 0-0 10. h3 Bd7 11. Na3 a6 12. Nc2 Qe7 13. Qg3 Rae8 14. Rae1 Kh8 15. Nh2 f5 16. exf5 e4 17. Be2 gxf5 18. Rd1 Rg8 19. Qe1 Qg7 20. Rf2 f4 21. Bg4 Bg5 22. Re2 Bxg4 23. Nxg4 h5 24. Nh2 f3 25. Red2 Qf6 26. g3 Ne7 27. Kh1 Nf5 28. Qf2 Qh6 29. Nf1 Re7 30. h4 Bf6 31. Qh2 Reg7 32. Rf2 Nxg3+ 33. Nxg3 Rxg3 34. Rg1 Rxg1+ 0-1